| 000 | 01033nam a2200277 i 4500 | ||
|---|---|---|---|
| 001 | bg | ||
| 245 | 0 | 0 |
_aJournal of Water and Land Development. / _cPolish Academy of Sciences. Committee for Land Reclamation and Environmental Engineering in Agriculture, Institute for Land Reclamation and Grassland Farming _nNo 6. |
| 260 |
_aFalenty : _bWydaw. IMUZ, _c2002. |
||
| 300 |
_a128 s. : _bil. ; _c24 cm. |
||
| 490 | 1 | _x1429-7426 | |
| 500 | _aStreszcz. przy art. | ||
| 504 | _aBibliogr przy art. | ||
| 650 | 9 |
_aTorfowisko _xochrona _zPolska |
|
| 650 | 9 |
_aWody podziemne _xhydrologia _zPolska |
|
| 650 | 9 |
_aOpady _xbadanie _zPolska |
|
| 650 | 9 |
_aBilans wodny _zPolska |
|
| 650 | 9 |
_aSusza _zPolska |
|
| 650 | 9 |
_aRolnictwo _xzagadnienia |
|
| 830 | _x1429-7426 | ||
| 040 | _cBPK | ||
| 041 | 0 |
_aeng _bpol |
|
| 080 | _a556:551.5:631.9 | ||
| 942 | _cKS | ||
| 008 | s pl f |000 0 pol | ||
| 999 |
_c43002 _d43002 |
||
| 856 |
_uhttp://koha.tu.koszalin.pl/cgi-bin/koha/opac-detail.pl?biblionumber=43002 _yKatalog online BPK |
||